000 00449nam a22001697a 4500
020 _a9505360584
080 _a343.1 G 589
100 _aGonzalez Urquiaga, Oscar
245 _aCuestiones Prejudiciales y previas en el Proceso Penal
260 _aLa Plata
_bEditora Platense
_c1983
300 _a205 P.
650 _xcuestiones prejudiciales
650 _xcuestiones previas
650 _xproceso penal
945 _acd
_d2015-03-05
999 _c3610
_d234114
942 _6_